[Event "Olympiad"]
[Site "masterchessopenings.com Tel Aviv (Israel)"]
[Round "1"]
[White "Kraidman Yair (ISR)"]
[Black "Szabo Laszlo (HUN)"]
[Result "1-0"]
[WhiteElo "2267"]
[BlackElo "1903"]

1.d4 Nf6 2.c4 e6 3.Nc3 Bb4 4.e3 O-O 5.Nf3 c5 6.Bd3 b6 7.O-O Bb7 8.a3 Bxc3
9.bxc3 Ne4 10.Nd2 f5 11.f3 Nd6 12.Qe2 Nc6 13.Nb3 Rc8 14.a4 Nb8 15.Ba3 Na6
16.e4 fxe4 17.fxe4 Qg5 18.a5 Rxf1+ 19.Rxf1 e5 20.dxc5 bxc5 21.Qf2 h6 22.Bxc5
Bxe4 23.Bxe4 Nxe4 24.Qf7+ Kh7 25.Bxa7 Nf6 26.Bf2 Qg6 27.Qxg6+ Kxg6 28.Nd2 Kf5
29.Be3+ Ke6 30.Rb1 Rc6 31.h3 Ne8 32.Rb6 Rxb6 33.axb6 Nd6 34.Kf2 Nb7 35.Kf3 d6
36.Kg4 Nb8 37.Kh5 Kf7 38.Ne4 Nd7 39.g4 Nf6+ 40.Nxf6 Kxf6 41.h4 Kf7 42.g5 hxg5
43.hxg5 g6+ 44.Kh6 Na5 {#r} 1-0

[Event "Olympiad"]
[Site "masterchessopenings.com Tel Aviv (Israel)"]
[Round "7"]
[White "Levy Mauricio"]
[Black "Garcia Gilberto"]
[Result "0-1"]
[WhiteElo "2200"]
[BlackElo "2265"]

1.d4 Nf6 2.c4 e6 3.Nc3 Bb4 4.e3 c5 5.Nf3 O-O 6.a3 Ba5 7.Bd3 d5 8.O-O Bxc3
9.bxc3 b5 10.Bc2 bxc4 11.dxc5 Qc7 12.Qd4 Nc6 13.Qh4 Ne5 14.Nxe5 Qxe5 15.Qd4
Qh5 16.Bd1 Qg6 17.f4 Bd7 18.Rf3 Qd3 19.Bd2 Ne4 20.Be1 f6 21.Ra2 e5 22.Qxd3
cxd3 23.Bb3 Be6 24.fxe5 Nxc5 25.Bd1 Bg4 26.exf6 Bxf3 27.Bxf3 Ne4 28.c4 Rab8
29.Bb4 Rxf6 30.cxd5 Rc8 31.Ra1 d2 32.Rd1 Rxf3 {#R} 0-1

[Event "Olympiad (w)"]
[Site "masterchessopenings.com Yerevan (Armenia)"]
[Round "1"]
[White "Horvath Maria (AUT)"]
[Black "Prudnikova Svetlana (SRB)"]
[Result "0-1"]
[WhiteElo "2040"]
[BlackElo "2385"]

1.d4 Nf6 2.c4 e6 3.Nc3 Bb4 4.e3 c5 5.Nf3 O-O 6.a3 Bxc3+ 7.bxc3 d6 8.Be2 Nc6
9.O-O e5 10.Ne1 b6 11.f4 e4 12.g4 Ba6 13.Ng2 Na5 14.Rf2 Bxc4 15.Bxc4 Nxc4
16.f5 cxd4 17.cxd4 h6 18.Nf4 Nh7 19.Qf1 Rc8 20.Qg2 Ng5 21.h4 Nf3+ 22.Rxf3 exf3
23.Qxf3 Qxh4 24.Ng2 Qe7 25.e4 Rfe8 26.e5 dxe5 27.d5 e4 28.Qh3 e3 29.Ra2 e2
{#R} 0-1

[Event "Olympiad Ukraine"]
[Site "masterchessopenings.com ?"]
[Round "0"]
[White "Zaltsman Vitaly F (USA)"]
[Black "Platonov Igor V (RUS)"]
[Result "0-1"]
[WhiteElo "2445"]
[BlackElo "2430"]

1.d4 Nf6 2.c4 e6 3.Nc3 Bb4 4.e3 O-O 5.Nf3 c5 6.Be2 Bxc3+ 7.bxc3 d6 8.O-O Qe7
9.Nd2 e5 10.dxc5 dxc5 11.e4 Nc6 12.f3 Be6 13.Rf2 Qd7 14.Ba3 Rfd8 15.Nf1 Qxd1
16.Rxd1 b6 17.Ne3 Rxd1+ 18.Bxd1 Na5 19.Bb3 Rd8 20.Bc1 Ne8 21.g3 Kf8 22.f4 Nf6
23.Bc2 Nxc4 24.Nf1 Na5 25.a3 Bb3 26.fxe5 Ng4 27.Re2 Bxc2 28.Rxc2 Rd1 29.Bf4
Nc4 30.Rc1 Rxc1 31.Bxc1 Ngxe5 32.Ne3 Nxe3 33.Bxe3 Nc4 34.Bc1 Nd6 {#R} 0-1

[Event "Staatsliga B Mittel 2001/02"]
[Site "masterchessopenings.com Austria"]
[Round "2"]
[White "Korninger Johannes (AUT)"]
[Black "Brandstaetter Friedrich (AUT)"]
[Result "1/2-1/2"]
[WhiteElo "2198"]
[BlackElo "2196"]

1.d4 Nf6 2.c4 e6 3.Nc3 Bb4 4.Nf3 c5 5.e3 O-O 6.Bd3 Bxc3+ 7.bxc3 d6 8.O-O Nc6
9.e4 e5 10.dxc5 dxc5 11.Bg5 h6 12.Bxf6 Qxf6 13.Ne1 Be6 14.Nc2 Ne7 15.Ne3 Nc8
16.Qe2 Nd6 17.a4 Qe7 18.f4 f6 19.Qh5 exf4 20.Rxf4 Nf7 21.e5 Nxe5 22.Be4 Qf7
23.Qxf7+ Rxf7 24.Rb1 Rb8 25.Bd5 Bxd5 26.cxd5 b6 27.a5 b5 28.Nc4 Rd7 29.Nxe5
fxe5 30.Rf5 Rxd5 31.c4 Rd4 32.cxb5 Ra4 33.Rxe5 Rxa5 34.Rxc5 a6 35.Rbc1 Raxb5
36.Rc8+ Kh7 37.Rxb8 Rxb8 38.Ra1 Ra8 39.Kf2 a5 40.Ke3 Kg6 41.Kd4 a4 42.Ra3 Kf5
43.Rf3+ Ke6 44.Rg3 Kd6 45.Kc4 Ke5 46.Kc3 Ke4 47.Kb2 Kd4 48.Ka2 Kc4 49.Re3 Ra7
50.Ka3 Rd7 51.Re6 Rd2 52.Rg6 Rd7 {#d} 1/2-1/2

[Event "Staatsliga B West 1999/00"]
[Site "masterchessopenings.com Austria"]
[Date "1999.11.20"]
[Round "5"]
[White "Kondrak Christof (AUT)"]
[Black "Steudel Kurt"]
[Result "0-1"]
[WhiteElo "2167"]
[BlackElo "2165"]

1.d4 Nf6 2.c4 e6 3.Nf3 Bb4+ 4.Nc3 c5 5.e3 O-O 6.Qc2 Nc6 7.dxc5 Bxc5 8.a3 Qc7
9.Be2 a6 10.b4 Be7 11.Bb2 b6 12.b5 Nb8 13.Ne4 axb5 14.Nxf6+ Bxf6 15.Bxf6 gxf6
16.Qb2 e5 17.cxb5 d5 18.O-O Be6 19.Rfc1 Qe7 20.Nd2 Nd7 21.Nb3 Ra7 22.Rc3 Rfa8
23.Nc1 Nc5 24.Bd1 Bf5 25.Qb4 Kf8 26.a4 Bg6 27.Rca3 Nb7 28.Qd2 Rd8 29.Bf3 Na5
30.Be2 Rc7 31.h3 Kg7 32.Qb2 Rc2 {#R} 0-1

[Event "Tournament (Elo) (a)"]
[Site "masterchessopenings.com Elista (Russia)"]
[Date "2008.01.05"]
[Round "4"]
[White "Chub Alexey (RUS)"]
[Black "Egorov Anatoly (RUS)"]
[Result "0-1"]
[WhiteElo "1910"]
[BlackElo "1950"]

1.d4 Nf6 2.c4 e6 3.Nc3 Bb4 4.Nf3 c5 5.e3 O-O 6.Bd3 d6 7.O-O Nc6 8.a3 Bxc3
9.bxc3 e5 10.Qc2 Re8 11.Ng5 h6 12.Ne4 exd4 13.Nxf6+ Qxf6 14.cxd4 cxd4 15.Bb2
Qh4 16.exd4 Nxd4 17.Qc3 Ne6 18.Rfe1 f6 19.Bg6 Rf8 20.Rad1 Qg5 21.Be4 Nc5
22.Bd5+ Kh8 23.Bc1 Qh5 24.Bf3 Bg4 25.Rd5 Qg6 26.Rxd6 Rae8 27.Rdd1 Bxf3 28.Qxf3
Qc2 29.Qh5 Rxe1+ 30.Rxe1 Nd3 31.Qe2 Qxe2 32.Rxe2 Nxc1 33.Re7 Rb8 34.Kf1 Nd3
35.Ke2 Nc5 36.Rc7 Na4 37.Kd2 a5 38.Kc2 b6 39.Rc6 Kg8 40.Kd3 Rd8+ 41.Kc2 Re8
42.Kb3 Nc5+ 43.Kc3 Re6 44.Rxe6 Nxe6 45.Kb3 Kf7 46.Ka4 Nd4 47.f4 Ke6 48.c5 bxc5
49.Kxa5 Kd5 50.a4 Nc6+ {#R} 0-1

[Event "Tournament (Elo) (a)"]
[Site "masterchessopenings.com Novosibirsk (Russia)"]
[Date "2007.08.15"]
[Round "4"]
[White "Chuguev Anton (RUS)"]
[Black "Kuzin Vladimir (RUS)"]
[Result "1/2-1/2"]
[WhiteElo "2091"]
[BlackElo "2054"]

1.d4 Nf6 2.c4 e6 3.Nc3 Bb4 4.e3 c5 5.Nf3 O-O 6.Qb3 Nc6 7.a3 Bxc3+ 8.Qxc3 d6
9.Be2 Ne4 10.Qd3 Qa5+ 11.Bd2 Nxd2 12.Qxd2 Qxd2+ 13.Kxd2 b6 14.Rhd1 cxd4
15.exd4 Rd8 16.Ke3 Ba6 17.b4 Bb7 18.Rd2 a5 19.b5 Ne7 20.a4 h6 21.Rad1 Nf5+
22.Kd3 Rac8 23.h3 Rc7 24.g4 Ne7 25.Rc2 e5 26.Ne1 Ng6 27.Bf3 Bxf3 28.Nxf3 exd4
29.Kxd4 Rc5 30.Rcd2 Kf8 31.Kc3 d5 32.Rxd5 Rdxd5 33.Rxd5 Rxd5 34.cxd5 Nf4
35.Kd4 Nxh3 36.Ke3 Ke7 37.Nd2 Kd6 38.Kd4 Nxf2 39.Nc4+ Kc7 40.d6+ Kb7 41.Ne3
Kc8 42.Kd5 Kb7 {#d} 1/2-1/2

[Event "Tournament (candidates)"]
[Site "masterchessopenings.com Bled (Slovenia)"]
[Round "1"]
[White "Petrosian Tigran V (ARM)"]
[Black "Olafsson Fridrik (ISL)"]
[Result "1-0"]
[WhiteElo "2580"]
[BlackElo "2434"]

1.d4 Nf6 2.c4 e6 3.Nc3 Bb4 4.Nf3 c5 5.e3 O-O 6.Be2 b6 7.O-O Bb7 8.Na4 cxd4
9.exd4 Be7 10.a3 Ne4 11.b4 f5 12.Bb2 Bf6 13.Qb3 d6 14.Nc3 Qe7 15.Rad1 Nd7
16.Nxe4 fxe4 17.Ne1 Bg5 ( 17...b5 { !? } 18.cxb5 ( 18.c5 Bd5 19.Qc2 a6 ) (
18.d5 bxc4 19.Bxc4 Bxb2 20.Qxb2 Nb6 { ! ? } ) 18...Nb6 19.Nc2 Nd5 { ? } )
18.Nc2 Rf7 19.Bc1 { ! } 19...Bxc1 20.Rxc1 Raf8 ( { ? } 20...Nf8 21.Ne3 Rc8 { ?
} ) 21.Ne3 Ba8 22.Rc2 Kh8 ( 22...Qg5 23.Bg4 Rf6 24.c5 { ! ± } ) 23.a4 Qg5
24.Qa3 Rf6 25.Ra2 h5 26.a5 Bb7 27.Qc3 ( 27.axb6 axb6 28.Qa7 { ? } 28...Ra8 { !
? } ) 27...R8f7 28.axb6 axb6 29.g3 Nf8 30.h4 { ! } 30...Qh6 31.Ng2 g5 32.hxg5
Qxg5 33.Qe3 Qg7 { ? } ( 33...Qxe3 34.fxe3 Rxf1+ 35.Bxf1 Rf3 36.Ra7 { +?? } )
34.Bxh5 Rc7 35.Be2 Rh6 36.f4 exf3 37.Bxf3 Qxg3 { ?? } {#r} 1-0

[Event "Tournament (juniors) (under 16)"]
[Site "masterchessopenings.com Halkidiki (Greece)"]
[Date "2005.04.25"]
[Round "5"]
[White "Stavrianakis Ioannis (GRE)"]
[Black "Mozharov Mikhail (RUS)"]
[Result "1/2-1/2"]
[WhiteElo "2114"]
[BlackElo "2256"]

1.d4 Nf6 2.c4 e6 3.Nc3 Bb4 4.e3 c5 5.Nf3 O-O 6.Bd3 d6 7.O-O Bxc3 8.bxc3 Qe7
9.e4 e5 10.Qe2 Nc6 11.d5 Na5 12.Bg5 h6 13.Bh4 Bg4 14.Qe3 Kh7 15.h3 Bh5 16.Nd2
g5 17.Bg3 Bg6 18.Be2 Nh5 19.Bxh5 Bxh5 20.Qd3 Qd7 21.Nb3 Qa4 22.Nxa5 Qxa5 23.f3
Qa4 24.h4 Bg6 25.hxg5 hxg5 26.Bf2 Kg7 27.Be3 f6 28.Qb1 Rf7 29.Qb5 Qa3 30.Qb3
Qa5 31.g4 Rh8 32.Kg2 Kf8 33.Rh1 Rfh7 34.Rxh7 Rxh7 35.Bd2 Be8 36.a4 b6 37.Ra2
Kg8 38.Be1 Rh8 39.Bg3 Kf8 40.Bf2 Qa6 41.Bg3 Bd7 42.Kg1 Ke7 43.Kg2 Rh7 44.Bf2
Qc8 45.Qd1 Qf8 46.Bg3 Qh6 47.Ra1 Rh8 48.Qe2 Qh7 49.Kf2 Qg8 50.Kg2 Rh7 51.Kf2
Qe8 52.Qd1 Bc8 53.Kg2 Qg6 54.Qe2 Bd7 55.Qd3 Qe8 56.Qd1 {#d} 1/2-1/2

[Event "Tournament (open)"]
[Site "masterchessopenings.com Dmitrov (Russia)"]
[Date "2008.07.24"]
[Round "5"]
[White "Azizov Timur (RUS)"]
[Black "Lagashin Pavel (RUS)"]
[Result "1/2-1/2"]
[WhiteElo "2089"]
[BlackElo "2015"]

1.d4 Nf6 2.c4 e6 3.Nc3 Bb4 4.Nf3 O-O 5.e3 c5 6.Bd3 Nc6 7.a3 cxd4 8.exd4 Bxc3+
9.bxc3 b6 10.Bg5 h6 11.Bh4 Ba6 12.O-O Na5 13.Ne5 g5 14.Bg3 d6 15.Ng4 Nxg4
16.Qxg4 Bxc4 17.Bxc4 Nxc4 18.d5 exd5 19.Rad1 Qc8 20.Qh5 Qe6 21.h4 Qg6 22.Qxg6+
fxg6 23.hxg5 hxg5 24.Rxd5 Rf5 25.Rfd1 Rd8 26.a4 Kf7 27.R5d4 Rc5 28.Bxd6 Nxd6
29.Rxd6 Rxd6 30.Rxd6 Ra5 31.Rd4 Ke6 32.Kf1 Rc5 33.Re4+ Kf6 34.Rd4 Ke6 35.Re4+
Kf5 36.Rd4 Rxc3 37.Rd7 a5 38.Rd6 Rc4 39.Rxb6 Rxa4 40.Rb5+ Kg4 41.Rb6 Kh5
42.Ra6 Ra2 43.g3 a4 44.Kg2 a3 45.Ra4 g4 46.Ra5+ Kh6 47.Ra6 Ra1 48.Ra4 a2
49.Ra5 Kg7 50.Ra7+ Kf6 51.Ra6+ Ke5 52.Ra5+ Kd4 53.Ra8 Kc5 54.Rc8+ Kb6 55.Ra8
Kb7 {#d} 1/2-1/2

[Event "Tournament (open)"]
[Site "masterchessopenings.com Vanzaghello (Italy)"]
[Date "2010.05.22"]
[Round "3"]
[White "Capuzzimati Fausto (ITA)"]
[Black "Marchesotti Giovanni (ITA)"]
[Result "0-1"]
[WhiteElo "1486"]
[BlackElo "1578"]

1.d4 Nf6 2.c4 e6 3.Nc3 Bb4 4.Nf3 c5 5.e3 O-O 6.Be2 d6 7.Qc2 Nc6 8.O-O b6 9.Bd2
Qe7 10.a3 Bxc3 11.Bxc3 cxd4 12.exd4 Bb7 13.Rad1 Rfd8 14.b4 a6 15.Rfe1 d5 16.c5
Ne4 17.Bd3 Nxc3 18.Qxc3 bxc5 19.bxc5 a5 20.Qc2 g6 21.Re3 Ba6 22.Qe2 Bxd3
23.Qxd3 Rdb8 24.Rb1 Rxb1+ 25.Qxb1 Rb8 26.Rb3 Qc7 27.Rxb8+ Qxb8 28.Qxb8+ Nxb8
29.Kf1 Nc6 30.Ke2 f6 31.Kd3 Kf7 32.h3 Ke7 33.Ne1 e5 34.g4 Nxd4 35.Nc2 Nxc2
36.Kxc2 Kd7 {#R} 0-1

[Event "Tournament (team)"]
[Site "masterchessopenings.com Slask (Poland)"]
[Date "2007.05.12"]
[Round "7"]
[White "Olbrich Roman (POL)"]
[Black "Banasik Henryk (POL)"]
[Result "0-1"]
[WhiteElo "1842"]
[BlackElo "2138"]

1.d4 Nf6 2.c4 e6 3.Nc3 Bb4 4.e3 c5 5.Nf3 O-O 6.Bd3 d6 7.O-O Bxc3 8.bxc3 Nc6
9.e4 e5 10.d5 Ne7 11.Nh4 h6 12.f4 Ng6 13.Nxg6 fxg6 14.fxe5 dxe5 15.a4 a5
16.Rb1 b6 17.Bd2 Rb8 18.Rb2 Qd6 19.Be1 Bd7 20.Bh4 g5 21.Be1 Ng4 22.Rxf8+ Rxf8
23.Be2 Nf6 24.Qb1 Rb8 25.Bd1 Be8 26.Bf2 Bg6 27.Bc2 Nd7 28.Bd1 Nf6 29.Bc2 Ng4
30.Bd3 Nxf2 31.Rxf2 Rf8 32.Qe1 Rf6 33.Rxf6 Qxf6 34.Qf2 Qf4 35.Qe1 Be8 36.Bc2
Qf6 37.Qf2 Qf4 38.Qe1 Bd7 39.Bb3 Kf7 40.Bd1 Ke7 41.Bc2 Kd6 42.Bb3 Be8 43.Bc2
Kc7 44.Bb3 Bg6 45.Bc2 h5 46.Bd3 Be8 47.Bc2 h4 48.Bb3 Kd6 49.Bc2 Kc7 50.Bb3 g4
51.Bc2 g3 52.h3 g5 53.Bb3 Bg6 54.Bc2 Kd6 55.Bd3 Be8 56.Bc2 Bd7 57.Bb3 g4
58.hxg4 Bxg4 59.Bc2 h3 60.gxh3 Bxh3 {#R} 0-1

[Event "Tournament (team)"]
[Site "masterchessopenings.com Tbilisi (Georgia)"]
[Round "0"]
[White "Giorgadze Giorgi (GEO)"]
[Black "Chipashvili Mikheil (GEO)"]
[Result "1/2-1/2"]
[WhiteElo "2584"]
[BlackElo "2236"]

1.d4 Nf6 2.c4 e6 3.Nf3 Bb4+ 4.Nc3 O-O 5.e3 c5 6.Bd3 Nc6 7.O-O Bxc3 8.bxc3 d6
9.e4 e5 10.d5 Ne7 11.Nh4 Ng6 12.Nf5 Nf4 13.g3 Nxd3 14.Qxd3 Bxf5 15.exf5 Qd7
16.f3 h6 17.Rb1 Rfe8 18.Re1 Re7 19.Rb2 Rae8 20.Rbe2 Qa4 21.g4 b5 22.g5 hxg5
23.Bxg5 Qxc4 24.Qxc4 bxc4 25.Bxf6 gxf6 26.Rg2+ Kf8 27.h4 Rb7 28.Re4 Ke7
29.Rxc4 Rh8 30.Ra4 Rh5 31.Rg8 Rxf5 32.Kg2 Rh5 33.Ra8 f5 34.R8xa7 Rxa7 35.Rxa7+
Kf6 36.Kh3 e4 37.f4 Rh6 38.Rd7 e3 39.Rd8 Ke7 {#d} 1/2-1/2